Statistics for Flags of Asian Countries in 1875

Click here to take the quiz!

General Stats

  • This quiz has been taken 200 times
    (186 since last reset)
  • The average score is 9 of 22

Answer Stats

Answer% Correct
Japan
100%
Ottoman Empire
80%
China
79%
Persia
79%
Siam
78%
Joseon
68%
Russia
61%
Burma
52%
Ha'il
37%
Muscat and Oman
37%
Aceh
34%
Brunei
33%
Vietnam
33%
Johor
27%
Nejd
24%
Sarawak
24%
Sulu
20%
Klungkung
18%
Lanfang
12%
Pahang
10%
Maldives
9%
Kashgaria
8%

Score Distribution

Percentile by Number Answered

Percent of People with Each Score

Your Score History

You have not taken this quiz since the last reset